Địa hóa học

Sách trình bày những nguyên lý cơ bản của địa hóa học và những ứng dụng của nó. Ngoài ra, sách còn giới thiệu các số liệu về năng lượng tự do thành tạo chuẩn của các khoáng vật.

Đã lưu trong:
Sonraí Bibleagrafaíochta
Príomhúdar: NGUYỄN VĂN PHỔ
Formáid: Leabhar
Teanga:Undetermined
Foilsithe: H. KHKT 2002
Ábhair:
Clibeanna: Cuir Clib Leis
Gan Chlibeanna, Bí ar an gcéad duine leis an taifead seo a chlibeáil!
Thư viện lưu trữ: Trung tâm Học liệu Trường Đại học Cần Thơ
LEADER 00730nam a2200181Ia 4500
001 CTU_50572
008 210402s9999 xx 000 0 und d
082 |a 551.9 
082 |b Ph450 
100 |a NGUYỄN VĂN PHỔ 
245 0 |a Địa hóa học 
245 0 |c NGUYỄN VĂN PHỔ 
260 |a H. 
260 |b KHKT 
260 |c 2002 
520 |a Sách trình bày những nguyên lý cơ bản của địa hóa học và những ứng dụng của nó. Ngoài ra, sách còn giới thiệu các số liệu về năng lượng tự do thành tạo chuẩn của các khoáng vật. 
650 |a geochemistry 
980 |a Trung tâm Học liệu Trường Đại học Cần Thơ